[Event "PARDUBICE OPEN  2007 "]
[Site "CEZ arena,  Pardubice  (CZE)"]
[Date "2007.07.25"]
[Round "6"]
[White "Antal, Gergely"]
[Black "Michielsen, Joost"]
[Result "1/2-1/2"]
[WhiteElo "2447"]
[BlackElo "2314"]
[PlyCount "91"]
[EventDate "2007.07.20"]

1. e4 e6 2. d4 d5 3. Nd2 Nf6 4. e5 Nfd7 5. Bd3 c5 6. c3 Nc6 7. Ne2 cxd4 8. cxd4
f6 9. exf6 Nxf6 10. O-O Bd6 11. Nf3 Qc7 12. Bg5 O-O 13. Bh4 Nh5 14. Qc2 h6 15.
Bh7+ Kh8 16. Bg6 Rxf3 17. Bxh5 Bxh2+ 18. Kh1 Rf5 19. Bg6 Bd6 20. Bxf5 exf5 21.
Rae1 Qf7 22. Bg3 Bb4 23. Rd1 Bd7 24. a3 Be7 25. Rfe1 Bf6 26. Qb3 b6 27. Nf4
Bxd4 28. Qxd5 Qxd5 29. Nxd5 Bxb2 30. Nb4 Re8 31. Rf1 Nd4 32. Rxd4 Bxd4 33. Rd1
f4 34. Bh4 Bc8 35. Rxd4 g5 36. Nc6 gxh4 37. Nxa7 h3 38. Nxc8 hxg2+ 39. Kxg2
Rxc8 40. Rd6 Ra8 41. Rxh6+ Kg7 42. Rh3 Kf6 43. Rb3 Kf5 44. Rb5+ Kg4 45. Rb3 Ra5
46. Rc3 1/2-1/2

[Event "PARDUBICE OPEN  2007 "]
[Site "CEZ arena,  Pardubice  (CZE)"]
[Date "2007.07.25"]
[Round "6"]
[White "Kim, Alexey"]
[Black "Lorscheid, Gerhard"]
[Result "1/2-1/2"]
[WhiteElo "2445"]
[BlackElo "2309"]
[PlyCount "60"]
[EventDate "2007.07.20"]

1. e4 e5 2. Nf3 d6 3. d4 exd4 4. Nxd4 Nf6 5. Nc3 Be7 6. Be2 O-O 7. O-O c5 8.
Nf3 Nc6 9. h3 Be6 10. Bg5 h6 11. Bf4 d5 12. e5 Ne4 13. Qe1 Nxc3 14. Qxc3 Qb6
15. Qd2 Qxb2 16. Rfb1 Qa3 17. Bxh6 gxh6 18. Qxh6 c4 19. Rb3 cxb3 20. Bd3 f5 21.
exf6 Rxf6 22. Qh7+ Kf8 23. Qh8+ Bg8 24. Bh7 Ke8 25. Qxg8+ Rf8 26. Qxd5 Qd6 27.
Qxb3 Qb4 28. Qe6 Qd6 29. Qb3 Qb4 30. Qe6 Qd6 1/2-1/2

[Event "PARDUBICE OPEN  2007 "]
[Site "CEZ arena,  Pardubice  (CZE)"]
[Date "2007.07.25"]
[Round "6"]
[White "Baryshpolets, Andriy"]
[Black "Vokac, Marek"]
[Result "1-0"]
[WhiteElo "2307"]
[BlackElo "2443"]
[PlyCount "121"]
[EventDate "2007.07.20"]

1. d4 d6 2. Nf3 Nf6 3. c4 Nbd7 4. Nc3 e5 5. e4 c6 6. g3 Be7 7. Bg2 O-O 8. O-O
a6 9. Qc2 Re8 10. Rd1 Qc7 11. h3 b5 12. Be3 bxc4 13. dxe5 Nxe5 14. Nxe5 dxe5
15. Na4 Be6 16. Nb6 Rab8 17. Nxc4 Qc8 18. Nxe5 Bxh3 19. Nxc6 Bxg2 20. Nxe7+
Rxe7 21. Qxc8+ Rxc8 22. Kxg2 Nxe4 23. Rac1 Ra8 24. Rc4 h6 25. Rdd4 Nf6 26. Rd6
a5 27. Ra4 Rc8 28. b3 Ne4 29. Rdd4 f5 30. Rxa5 Rc2 31. a4 f4 32. gxf4 Nxf2 33.
Bxf2 Ree2 34. Kf3 Rxf2+ 35. Ke4 Rce2+ 36. Kf5 Re8 37. Re5 Rb8 38. b4 g5 39. Kg4
gxf4 40. Rf5 Ra2 41. b5 Rb6 42. Rfxf4 Kg7 43. Kf5 h5 44. Ke5 Rg6 45. Kd5 Rc2
46. Rc4 Re2 47. Kc5 Kh6 48. Kb4 Rb2+ 49. Ka5 Rg8 50. Rb4 Ra8+ 51. Kb6 Rg2 52.
Rf6+ Kg5 53. Rc6 Rf2 54. Rc5+ Kg6 55. Rc6+ Kg5 56. a5 Rb8+ 57. Ka7 Rh8 58. b6
h4 59. b7 Rf7 60. Rcc4 Kg6 61. Rg4+ 1-0

[Event "PARDUBICE OPEN  2007 "]
[Site "CEZ arena,  Pardubice  (CZE)"]
[Date "2007.07.25"]
[Round "6"]
[White "Gomez, Anadon Daniel"]
[Black "Mikhalevski, Alexander"]
[Result "0-1"]
[WhiteElo "2305"]
[BlackElo "2441"]
[PlyCount "60"]
[EventDate "2007.07.20"]

1. c4 e6 2. Nf3 d5 3. d4 Nf6 4. g3 dxc4 5. Bg2 a6 6. a4 Nc6 7. O-O Rb8 8. a5
Bb4 9. Qa4 O-O 10. Ne5 Qxd4 11. Bxc6 Bd6 12. Nxc4 bxc6 13. Rd1 Qc5 14. Be3 Qh5
15. f3 c5 16. Nbd2 Rb4 17. Qc2 Bb7 18. Bf2 Nd7 19. Ra3 f6 20. Rd3 Bd5 21. Ne3
Ne5 22. Rc3 Ba8 23. Nec4 Nf7 24. Nf1 g5 25. Rdd3 g4 26. f4 e5 27. Nxe5 Bxe5 28.
Bxc5 Bxc3 29. Bxf8 Qh3 30. Ne3 Bd4 0-1

[Event "PARDUBICE OPEN  2007 "]
[Site "CEZ arena,  Pardubice  (CZE)"]
[Date "2007.07.25"]
[Round "6"]
[White "Pletnev, Evgeniy"]
[Black "Neuman, Petr"]
[Result "1-0"]
[WhiteElo "2291"]
[BlackElo "2437"]
[PlyCount "61"]
[EventDate "2007.07.20"]

1. e4 g6 2. d4 Bg7 3. Be3 d6 4. f3 a6 5. Qd2 Nd7 6. Bc4 h6 7. Bb3 e6 8. Ne2 Ne7
9. Nf4 Nf6 10. Nc3 b6 11. h4 Qd7 12. a4 Bb7 13. Nce2 O-O-O 14. a5 b5 15. Nd3
Bxe4 16. fxe4 Nxe4 17. Qc1 d5 18. Nf2 Nd6 19. Qd2 Nef5 20. Bf4 Qe7 21. O-O-O
Nxh4 22. g3 Nf3 23. Qc3 Ng5 24. Qc6 Kb8 25. Qxa6 Qd7 26. Be5 Bxe5 27. dxe5 Qc8
28. Qc6 Qb7 29. Nd4 Nf5 30. a6 Qa7 31. Nxb5 1-0

[Event "PARDUBICE OPEN  2007 "]
[Site "CEZ arena,  Pardubice  (CZE)"]
[Date "2007.07.25"]
[Round "6"]
[White "Lovkov, Roman"]
[Black "Mickevicius, Juras"]
[Result "1-0"]
[WhiteElo "2435"]
[BlackElo "2309"]
[PlyCount "65"]
[EventDate "2007.07.20"]

1. e4 c6 2. d4 d5 3. e5 Bf5 4. Nf3 e6 5. Be2 Nd7 6. O-O h6 7. Nbd2 Ne7 8. Nb3
Qc7 9. Be3 Bh7 10. c3 Nf5 11. Bf4 Be7 12. Ne1 g5 13. Bd2 O-O-O 14. Nd3 f6 15.
f4 gxf4 16. Nxf4 Nf8 17. exf6 Bxf6 18. Bg4 Be7 19. Nxe6 Nxe6 20. Rxf5 Bd6 21.
Rf6 Bxh2+ 22. Kh1 Kb8 23. Rxe6 Rdg8 24. Nc5 Qg3 25. Re3 Qd6 26. Rh3 h5 27. Bxh5
Bg3 28. Qf3 b6 29. Rxg3 Rf8 30. Qe3 bxc5 31. Kg1 cxd4 32. cxd4 Bf5 33. Qf4 1-0

[Event "PARDUBICE OPEN  2007 "]
[Site "CEZ arena,  Pardubice  (CZE)"]
[Date "2007.07.25"]
[Round "6"]
[White "Jedlicka, Ales"]
[Black "Zpevak, Pavel"]
[Result "1-0"]
[WhiteElo "2265"]
[BlackElo "2423"]
[PlyCount "59"]
[EventDate "2007.07.20"]

1. d4 Nf6 2. Nf3 c5 3. d5 b5 4. c4 g6 5. cxb5 a6 6. b6 Bg7 7. Nc3 O-O 8. e4
Qxb6 9. a4 Qb4 10. Nd2 e6 11. Be2 exd5 12. exd5 Bb7 13. Ra3 Qd4 14. O-O Ra7 15.
Qc2 Bxd5 16. Nxd5 Qxd5 17. Bf3 Qf5 18. Qxf5 gxf5 19. Nc4 Nc6 20. Bxc6 dxc6 21.
Be3 Nd7 22. Rd1 Rb7 23. Nd6 Rxb2 24. Nxf5 Bf6 25. f4 Nb6 26. Bxc5 Rb8 27. Rg3+
Kh8 28. Nh6 Bg7 29. Nxf7+ Kg8 30. Bd4 1-0

[Event "PARDUBICE OPEN  2007 "]
[Site "CEZ arena,  Pardubice  (CZE)"]
[Date "2007.07.25"]
[Round "6"]
[White "Bujnoch, Radek"]
[Black "Kanovsky, David"]
[Result "0-1"]
[WhiteElo "2226"]
[BlackElo "2410"]
[PlyCount "128"]
[EventDate "2007.07.20"]

1. e4 c5 2. Nf3 e6 3. d4 cxd4 4. Nxd4 a6 5. Bd3 Qc7 6. O-O Nf6 7. Qe2 d6 8. c4
Nbd7 9. f4 Be7 10. Nc3 O-O 11. Kh1 Rd8 12. Bd2 Bf8 13. Rac1 b6 14. Bb1 Bb7 15.
f5 Re8 16. fxe6 fxe6 17. Bg5 Rac8 18. b3 Qc5 19. Nf3 Ng4 20. h3 Nge5 21. Nxe5
Nxe5 22. Be3 Qc6 23. Bd4 Be7 24. Bxe5 dxe5 25. Qg4 Rf8 26. Bd3 Rxf1+ 27. Rxf1
Rf8 28. Rxf8+ Bxf8 29. Ne2 Qd7 30. Ng1 Bc5 31. Qe2 Qf7 32. Qf3 h6 33. Qxf7+
Kxf7 34. Nf3 Kf6 35. g4 Bd4 36. Kg2 Ke7 37. Kf1 Kd6 38. Ke2 Kc5 39. Kd1 Kb4 40.
Kc2 Ka3 41. Kb1 a5 42. g5 Bc6 43. h4 a4 44. bxa4 Bxa4 45. Bc2 Be8 46. Bd3 Kb4
47. Kc2 Ka3 48. Nxd4 exd4 49. e5 hxg5 50. hxg5 Kb4 51. Kb2 Bc6 52. a3+ Kc5 53.
Kb3 Bb7 54. Kc2 Bc8 55. Kb2 Bb7 56. Kc2 Bc6 57. Kd2 Ba4 58. Bb1 Bb3 59. Kd3
Bxc4+ 60. Ke4 Bd5+ 61. Kd3 Bf3 62. Ba2 Bd5 63. Bb1 Bb3 64. Kd2 Kd5 0-1

[Event "PARDUBICE OPEN  2007 "]
[Site "CEZ arena,  Pardubice  (CZE)"]
[Date "2007.07.25"]
[Round "6"]
[White "Cernousek, Lukas"]
[Black "Sabol, Marian"]
[Result "1/2-1/2"]
[WhiteElo "2405"]
[BlackElo "2285"]
[PlyCount "37"]
[EventDate "2007.07.20"]

1. d4 Nf6 2. c4 c6 3. Nf3 d5 4. g3 h6 5. Nc3 Be6 6. Ne5 dxc4 7. Bg2 Nbd7 8. f4
Nxe5 9. fxe5 Nd5 10. Nxd5 cxd5 11. e4 Qd7 12. exd5 Bxd5 13. O-O e6 14. Be3 g6
15. Qd2 Bg7 16. Bxd5 Qxd5 17. Rf2 Rd8 18. Qb4 a5 19. Qa4+ 1/2-1/2

[Event "PARDUBICE OPEN  2007 "]
[Site "CEZ arena,  Pardubice  (CZE)"]
[Date "2007.07.25"]
[Round "6"]
[White "Novotny, Michal"]
[Black "Mankeyev, Rauan"]
[Result "0-1"]
[WhiteElo "2219"]
[BlackElo "2402"]
[PlyCount "130"]
[EventDate "2007.07.20"]

1. e4 c5 2. Nf3 d6 3. d4 cxd4 4. Nxd4 Nf6 5. Nc3 g6 6. Bc4 Bg7 7. O-O Nc6 8.
Re1 O-O 9. Bb3 Bd7 10. Bg5 Rc8 11. Nxc6 Bxc6 12. Nd5 Bxd5 13. exd5 Qd7 14. Qd3
Rfe8 15. Rad1 b5 16. c3 a5 17. a3 Ng4 18. Bf4 Ne5 19. Bxe5 Bxe5 20. Re4 Rc5 21.
Qe3 Bf6 22. Re1 Kg7 23. h4 h5 24. Qd3 Qf5 25. R1e3 Rb8 26. Rf3 Qd7 27. Rg3 b4
28. axb4 axb4 29. c4 Bxb2 30. Re6 Bf6 31. Bc2 Qe8 32. Re4 Ra5 33. Kh2 Ra3 34.
Bb3 Qc8 35. Rf3 Ra1 36. Rxe7 Bxe7 37. Qd4+ Kg8 38. Qxa1 Bxh4 39. Qd4 Bg5 40.
Qa7 Qb7 41. Qd4 Qe7 42. g3 Rc8 43. Kg2 Bh6 44. Qb6 Bd2 45. Qa6 Rc7 46. Qa2 Bc3
47. Re3 Qf6 48. Qa8+ Kg7 49. Qe8 Bd4 50. Rf3 Qe7 51. Qb8 Bc5 52. Bc2 Ra7 53.
Rf4 Ra2 54. Re4 Qa7 55. Qxa7 Bxa7 56. Re2 b3 57. Bd3 Bd4 58. Kf3 Kf6 59. c5
Bxc5 60. Bc4 Rc2 61. Bd3 Rxe2 62. Kxe2 Ke5 63. Bc4 b2 64. Ba2 g5 65. f3 g4 0-1

[Event "PARDUBICE OPEN  2007 "]
[Site "CEZ arena,  Pardubice  (CZE)"]
[Date "2007.07.25"]
[Round "6"]
[White "Beinoras, Mindaugas"]
[Black "Jirka, Jiri"]
[Result "1-0"]
[WhiteElo "2223"]
[BlackElo "2398"]
[PlyCount "143"]
[EventDate "2007.07.20"]

1. d4 d5 2. c4 c6 3. Nf3 Nf6 4. Nc3 a6 5. a4 e6 6. Bg5 Nbd7 7. a5 h6 8. Bxf6
Qxf6 9. e3 Be7 10. cxd5 exd5 11. Bd3 O-O 12. O-O Qe6 13. e4 dxe4 14. Bxe4 Qd6
15. Bc2 Nf6 16. Qd3 Rd8 17. Rfe1 Bf8 18. Bb3 Bg4 19. Ne4 Qf4 20. Nxf6+ Qxf6 21.
Ne5 Be6 22. Re3 Bxb3 23. Qxb3 Rxd4 24. Qxb7 Rad8 25. Rf1 Rd1 26. Qxc6 Rxf1+ 27.
Kxf1 Rd1+ 28. Ke2 Rd6 29. Qc4 Re6 30. f4 g6 31. b4 Kg7 32. Nd3 Rc6 33. Qd5 Rc2+
34. Kf3 Bd6 35. b5 axb5 36. a6 Qa1 37. Ne1 Ra2 38. Qxd6 Rxa6 39. Qe5+ Qxe5 40.
Rxe5 Ra3+ 41. Re3 b4 42. Nd3 Rb3 43. Nc5 Ra3 44. Nb3 Ra7 45. Re4 Rb7 46. Ke3 g5
47. f5 h5 48. h3 Kf6 49. g4 Rc7 50. Rxb4 Rc3+ 51. Ke4 Rxh3 52. Rb6+ Kg7 53.
gxh5 Rxh5 54. Nc5 Rh4+ 55. Ke5 Rh1 56. Ne4 Re1 57. f6+ Kg6 58. Rb8 Ra1 59. Rg8+
Kh6 60. Rxg5 Ra6 61. Rg7 Ra5+ 62. Kf4 Ra7 63. Nd6 Ra4+ 64. Ke5 Ra5+ 65. Ke4
Ra4+ 66. Kd5 Ra5+ 67. Kc6 Ra6+ 68. Kd7 Ra7+ 69. Ke8 Ra8+ 70. Kxf7 Ra7+ 71. Kf8
Ra6 72. Rd7 1-0

[Event "PARDUBICE OPEN  2007 "]
[Site "CEZ arena,  Pardubice  (CZE)"]
[Date "2007.07.25"]
[Round "6"]
[White "Krapivin, Vladislav"]
[Black "Arslanov, Shamil"]
[Result "1/2-1/2"]
[WhiteElo "2394"]
[BlackElo "2266"]
[PlyCount "74"]
[EventDate "2007.07.20"]

1. e4 e6 2. d4 d5 3. e5 c5 4. c3 Nc6 5. Nf3 Qb6 6. a3 Nh6 7. b4 cxd4 8. cxd4
Nf5 9. Bb2 Be7 10. Bd3 a5 11. Qa4 O-O 12. b5 f6 13. Bxf5 exf5 14. O-O fxe5 15.
dxe5 Bc5 16. Nc3 Be6 17. Qb3 Nxe5 18. Nxe5 d4 19. Nc4 dxc3 20. Qxc3 Qc7 21. b6
Qf7 22. Ne5 Qe7 23. Rfe1 Rac8 24. Nc4 Rf7 25. Rac1 Qd7 26. Rcd1 Qc6 27. Ne5
Qxb6 28. Qd2 Rfc7 29. Re2 Be7 30. Nf3 Bc4 31. Re3 Bf7 32. Bc3 Ra8 33. Rde1 Bf6
34. Bxf6 Qxf6 35. Rd3 h6 36. h4 Bh5 37. Qf4 Re7 1/2-1/2

[Event "PARDUBICE OPEN  2007 "]
[Site "CEZ arena,  Pardubice  (CZE)"]
[Date "2007.07.25"]
[Round "6"]
[White "Zickus, Simonas"]
[Black "Okara, Andrei"]
[Result "1/2-1/2"]
[WhiteElo "2223"]
[BlackElo "2382"]
[PlyCount "55"]
[EventDate "2007.07.20"]

1. Nf3 c5 2. g3 Nf6 3. Bg2 g6 4. O-O Bg7 5. c4 O-O 6. d4 cxd4 7. Nxd4 Nc6 8.
Nc2 d6 9. Nc3 Be6 10. b3 Nd7 11. Bd2 Rc8 12. Rc1 f5 13. Nd5 Bf7 14. Bc3 Bxc3
15. Nxc3 Qa5 16. Ne3 Rfd8 17. Ned5 Re8 18. Qd2 a6 19. e4 fxe4 20. Nxe4 Qxd2 21.
Nxd2 Kg7 22. f4 Nd4 23. Rce1 e6 24. Ne3 Nc5 25. Nf3 Nxf3+ 26. Bxf3 b5 27. Rd1
Red8 28. Rd2 1/2-1/2

[Event "PARDUBICE OPEN  2007 "]
[Site "CEZ arena,  Pardubice  (CZE)"]
[Date "2007.07.25"]
[Round "6"]
[White "Kireev, Alexey"]
[Black "Stanetzek, Carsten"]
[Result "1/2-1/2"]
[WhiteElo "2380"]
[BlackElo "2260"]
[PlyCount "117"]
[EventDate "2007.07.20"]

1. d4 d5 2. Bg5 h6 3. Bh4 c6 4. c3 Bf5 5. Nf3 Nd7 6. e3 Ngf6 7. Nbd2 e6 8. Be2
Be7 9. O-O O-O 10. Qb3 Qb6 11. Ne5 Rfe8 12. f4 Nxe5 13. fxe5 Ne4 14. Nxe4 Bxe4
15. Bxe7 Qxb3 16. axb3 Rxe7 17. b4 a6 18. b5 cxb5 19. Bxb5 Rc8 20. Be2 Rec7 21.
Ra3 Rc6 22. g3 R8c7 23. Kf2 Rb6 24. b4 Rbc6 25. Rc1 Kf8 26. Ke1 f6 27. exf6
gxf6 28. Kd2 Ke7 29. Rb3 b5 30. Ra1 Rd6 31. Rba3 Rcc6 32. Rf1 Kf7 33. Rf4 Rd8
34. g4 Rdc8 35. h4 Kg6 36. Rf1 Rd8 37. Rg1 Rd7 38. Raa1 Rdc7 39. Rac1 Rc8 40.
Bd3 Bxd3 41. Kxd3 a5 42. bxa5 b4 43. Kd2 bxc3+ 44. Kc2 Ra8 45. Ra1 Rca6 46.
Rgb1 Rxa5 47. Rxa5 Rxa5 48. Rb6 Ra2+ 49. Kxc3 Rg2 50. Rxe6 Rxg4 51. Rd6 Rxh4
52. Rxd5 h5 53. Rd8 Kf5 54. Kd3 Rh1 55. Ke2 h4 56. Kf3 Rh3+ 57. Kf2 Rh2+ 58.
Kf3 Rh3+ 59. Kf2 1/2-1/2

[Event "PARDUBICE OPEN  2007 "]
[Site "CEZ arena,  Pardubice  (CZE)"]
[Date "2007.07.25"]
[Round "6"]
[White "Nun, Jiri"]
[Black "Vedrickas, Tautvydas"]
[Result "1-0"]
[WhiteElo "2366"]
[BlackElo "2235"]
[PlyCount "93"]
[EventDate "2007.07.20"]

1. e4 c5 2. Nf3 d6 3. Bc4 e6 4. O-O Nf6 5. Qe2 Be7 6. Bb3 O-O 7. c3 b6 8. d3
Bb7 9. h3 Nc6 10. Bf4 Rc8 11. Nbd2 Ba6 12. Bc2 Re8 13. Rfd1 Bf8 14. Nf1 h6 15.
Bh2 Qe7 16. Ne1 Qb7 17. f4 b5 18. g4 g6 19. Qf2 Bg7 20. Nf3 b4 21. c4 Nd7 22.
Ba4 Nd4 23. Rd2 f5 24. Ng3 Re7 25. Kg2 Qa8 26. Re1 Bb7 27. Bd1 Rf8 28. exf5
gxf5 29. gxf5 Nxf5 30. Nxf5 Rxf5 31. Kf1 e5 32. Nh4 Rxf4 33. Bxf4 Rf7 34. Ng2
exf4 35. Bh5 Rf8 36. Nxf4 Qd8 37. h4 Ne5 38. Qg3 Nxd3 39. Rxd3 Qf6 40. Re8 Rxe8
41. Bxe8 Qxb2 42. Nh5 Qc1+ 43. Ke2 Qc2+ 44. Ke1 Qb1+ 45. Rd1 Qe4+ 46. Kf1 Qh1+
47. Kf2 1-0

[Event "PARDUBICE OPEN  2007 "]
[Site "CEZ arena,  Pardubice  (CZE)"]
[Date "2007.07.25"]
[Round "6"]
[White "Tikkanen, Hans"]
[Black "Soural, Jan"]
[Result "1/2-1/2"]
[WhiteElo "2365"]
[BlackElo "2160"]
[PlyCount "91"]
[EventDate "2007.07.20"]

1. d4 Nf6 2. c4 g6 3. g3 Bg7 4. Bg2 O-O 5. Nf3 d6 6. O-O Nbd7 7. Nc3 e5 8. e4
c6 9. h3 Qb6 10. Re1 exd4 11. Nxd4 Ng4 12. hxg4 Bxd4 13. Qd2 Bg7 14. b3 h6 15.
Na4 Qc7 16. Ba3 Be5 17. Rac1 c5 18. Bb2 Nb8 19. Bf3 Kg7 20. Nc3 Nc6 21. Nb5 Qa5
22. Qxa5 Nxa5 23. Bc3 Nc6 24. Nxd6 f6 25. Red1 Rd8 26. Nxc8 Raxc8 27. Bxe5 fxe5
28. Be2 Nd4 29. Bf1 g5 30. Rd3 Rd6 31. Kg2 Rf8 32. f3 Ra6 33. a4 Raf6 34. Rcc3
a5 35. Kf2 b6 36. Be2 R8f7 37. Bd1 Rf8 38. Kg2 R8f7 39. Rd2 Rf8 40. Rcd3 Rd6
41. Rf2 Rdf6 42. Kf1 R8f7 43. Ke1 Rf8 44. Kd2 R8f7 45. Ke3 Rf8 46. Kd2 1/2-1/2

[Event "PARDUBICE OPEN  2007 "]
[Site "CEZ arena,  Pardubice  (CZE)"]
[Date "2007.07.25"]
[Round "6"]
[White "Otte, Marco"]
[Black "Gorovets, Andrei"]
[Result "1-0"]
[WhiteElo "2216"]
[BlackElo "2364"]
[PlyCount "97"]
[EventDate "2007.07.20"]

1. Nf3 Nf6 2. c4 g6 3. Nc3 Bg7 4. e4 d6 5. d4 O-O 6. Be2 Na6 7. O-O e5 8. dxe5
dxe5 9. Qxd8 Rxd8 10. Bg5 h6 11. Bh4 Re8 12. Nd2 c6 13. Rfd1 Nh7 14. a3 Bf6 15.
Bxf6 Nxf6 16. b4 Be6 17. Nb3 Rad8 18. Na5 Rxd1+ 19. Rxd1 Rb8 20. c5 Nc7 21. f3
Kf8 22. Na4 Ke7 23. Nb2 Nfe8 24. a4 Bd7 25. Nac4 f6 26. Nd3 Ne6 27. Kf2 N8c7
28. g3 Nd4 29. Ndxe5 fxe5 30. Nxe5 Na6 31. Nxg6+ Kf6 32. Bc4 Kxg6 33. Be6 Bxe6
34. Rxd4 b6 35. Rd6 Kf7 36. Rxc6 bxc5 37. bxc5 Rb2+ 38. Ke3 Rxh2 39. Rxa6 Rc2
40. c6 Rc3+ 41. Kf4 Bc4 42. Rxa7+ Kf6 43. Rh7 Kg6 44. Rd7 Be2 45. c7 Rxf3+ 46.
Ke5 Rc3 47. Kd4 Rd3+ 48. Kc5 Rxg3 49. Kb4 1-0

[Event "PARDUBICE OPEN  2007 "]
[Site "CEZ arena,  Pardubice  (CZE)"]
[Date "2007.07.25"]
[Round "6"]
[White "Vaznonis, Vytautas"]
[Black "Teske, Henrik"]
[Result "1-0"]
[WhiteElo "2315"]
[BlackElo "2578"]
[PlyCount "93"]
[EventDate "2007.07.20"]

1. d4 Nf6 2. c4 g6 3. Nc3 d5 4. Bf4 Bg7 5. e3 O-O 6. Nf3 c5 7. dxc5 Qa5 8. Rc1
dxc4 9. Bxc4 Qxc5 10. b3 Nc6 11. O-O Qa5 12. Nb5 Be6 13. Bc7 Qa6 14. Bxe6 Qxb5
15. Bc4 Qf5 16. Nd4 Qd7 17. Nxc6 Qxc7 18. Nxa7 Qb8 19. Nb5 Rxa2 20. Nc3 Ra5 21.
b4 Ra3 22. Nd5 Rd8 23. Nxf6+ Bxf6 24. Qf3 Ra4 25. b5 b6 26. Bd5 Qe5 27. Rfd1
Kg7 28. Bc6 Rxd1+ 29. Rxd1 h5 30. g3 h4 31. Kg2 Ra2 32. Bd7 Qb2 33. Rf1 Qc3 34.
Bc6 Rb2 35. Qe4 Bg5 36. gxh4 Bxe3 37. Qxe7 Qd4 38. h5 Bxf2 39. Kh1 Qd3 40. Qe5+
f6 41. Qc7+ Kf8 42. Qb8+ Kg7 43. Qc7+ Kf8 44. Qb8+ Kg7 45. h6+ Kxh6 46. Qf4+
Kg7 47. Rxf2 1-0

[Event "PARDUBICE OPEN  2007 "]
[Site "CEZ arena,  Pardubice  (CZE)"]
[Date "2007.07.25"]
[Round "6"]
[White "Zakhartsov, Viacheslav"]
[Black "Bystrov, Sergej"]
[Result "1-0"]
[WhiteElo "2559"]
[BlackElo "2317"]
[PlyCount "87"]
[EventDate "2007.07.20"]

1. d4 d5 2. Nf3 Nf6 3. c4 c6 4. Nc3 a6 5. Ne5 g6 6. Bf4 Bg7 7. e3 O-O 8. Qb3
Qa5 9. Bd3 e6 10. h3 Nbd7 11. O-O Nxe5 12. Bxe5 b5 13. cxd5 cxd5 14. a4 b4 15.
Na2 Ne4 16. Bxg7 Kxg7 17. Qxb4 Qxb4 18. Nxb4 a5 19. Nc6 Ba6 20. Bxa6 Rxa6 21.
Rfc1 Rfa8 22. Ne5 R6a7 23. Rc2 Rb7 24. Rac1 Ra6 25. Rc7 Rab6 26. Rxb7 Rxb7 27.
Rc2 f6 28. Nc6 Rc7 29. Kf1 Kf7 30. Ke2 Ke8 31. f3 Nd6 32. Kd3 Nb7 33. b4 axb4
34. Nxb4 Rxc2 35. Nxc2 Kd7 36. e4 Na5 37. exd5 exd5 38. Kc3 Kc6 39. Kb4 Nc4 40.
a5 f5 41. f4 Nd6 42. Ka4 Nc8 43. Nb4+ Kd6 44. Kb5 1-0

[Event "PARDUBICE OPEN  2007 "]
[Site "CEZ arena,  Pardubice  (CZE)"]
[Date "2007.07.25"]
[Round "6"]
[White "Golichenko, Illya"]
[Black "Jedynak, Radoslaw"]
[Result "0-1"]
[WhiteElo "2306"]
[BlackElo "2540"]
[PlyCount "68"]
[EventDate "2007.07.20"]

1. d4 g6 2. c4 Bg7 3. Nc3 c5 4. d5 Bxc3+ 5. bxc3 f5 6. Qc2 Nf6 7. Bh6 Rg8 8. e3
d6 9. h3 Qa5 10. Bd3 Nbd7 11. Nf3 Nb6 12. O-O Bd7 13. a4 O-O-O 14. Nd2 e6 15.
Bf4 exd5 16. cxd5 Nfxd5 17. Rfc1 Nxf4 18. Nb3 Bxa4 19. exf4 c4 20. Nxa5 Bxc2
21. Bxc2 Rg7 22. Re1 Rc7 23. g4 Rc5 24. Re7 Rd7 25. Re8+ Kc7 26. gxf5 Nd5 27.
fxg6 hxg6 28. Bxg6 Nxf4 29. Be4 Rg7+ 30. Kf1 Rcg5 31. Ke1 Rg1+ 32. Kd2 Rxa1 33.
Nxc4 d5 34. Ke3 Nxh3 0-1

[Event "PARDUBICE OPEN  2007 "]
[Site "CEZ arena,  Pardubice  (CZE)"]
[Date "2007.07.25"]
[Round "6"]
[White "Boros, Denes"]
[Black "Lahner, Jakub"]
[Result "1-0"]
[WhiteElo "2460"]
[BlackElo "2317"]
[PlyCount "61"]
[EventDate "2007.07.20"]

1. e4 e5 2. Nf3 Nc6 3. Bc4 Nf6 4. d3 Be7 5. O-O O-O 6. Re1 d6 7. c3 Na5 8. Bb5
a6 9. Ba4 b5 10. Bc2 c5 11. Nbd2 Re8 12. d4 Qc7 13. b3 cxd4 14. cxd4 Nc6 15.
Bb2 Bf8 16. Rc1 Qb7 17. h3 Bd7 18. a3 a5 19. Bd3 g6 20. Qc2 exd4 21. Bxb5 Bh6
22. Bxc6 Bxc6 23. Qc4 Bxe4 24. Qxd4 Bg7 25. Nxe4 Nh5 26. Qa4 Bxb2 27. Nxd6
Rxe1+ 28. Rxe1 Qd5 29. Nc4 Bc3 30. Nb6 Qb7 31. Nxa8 1-0

[Event "PARDUBICE OPEN  2007 "]
[Site "CEZ arena,  Pardubice  (CZE)"]
[Date "2007.07.25"]
[Round "6"]
[White "Kraemer, Martin"]
[Black "Pitschka, Claus"]
[Result "1-0"]
[WhiteElo "2437"]
[BlackElo "2305"]
[PlyCount "127"]
[EventDate "2007.07.20"]

1. e4 e6 2. d4 d5 3. Nc3 dxe4 4. Nxe4 Nd7 5. Nf3 Ngf6 6. Bg5 Be7 7. Nxf6+ Nxf6
8. Bc4 c5 9. Qe2 h6 10. Be3 Qa5+ 11. c3 cxd4 12. Bxd4 O-O 13. Ne5 Qc7 14. O-O
Bc5 15. Rad1 Bxd4 16. Rxd4 Bd7 17. Rfd1 Bc6 18. Nxf7 Rxf7 19. Bxe6 Re8 20. Qc4
Qe7 21. Bxf7+ Qxf7 22. Qxf7+ Kxf7 23. f3 Re2 24. R4d2 Re5 25. c4 g5 26. Rd4 Re2
27. R1d2 Re1+ 28. Kf2 Rh1 29. h3 Ra1 30. b3 a6 31. h4 Ke6 32. Re2+ Kf7 33. hxg5
hxg5 34. Kg3 Kg6 35. Rd6 Kf5 36. Rde6 Nd7 37. Re7 Nf6 38. R7e5+ Kg6 39. Re6 Rd1
40. Kf2 Ra1 41. Rd6 Kf7 42. Kg3 Bd7 43. Re5 Rxa2 44. Rxg5 Rb2 45. Rd3 Bc6 46.
Re3 Nd7 47. Kf4 Nf6 48. g4 Rd2 49. Rf5 Bd7 50. Rfe5 Rd6 51. Kg3 Rd4 52. Rc5 b5
53. Rc7 bxc4 54. bxc4 Kg6 55. Ra3 Be6 56. Rc6 Bd7 57. Rcxa6 Bc8 58. R6a5 Kf7
59. Rc5 Nd7 60. Rc7 Rxc4 61. Rxc4 Nb6 62. Rc6 Bxg4 63. Rxb6 Bh5 64. f4 1-0

[Event "PARDUBICE OPEN  2007 "]
[Site "CEZ arena,  Pardubice  (CZE)"]
[Date "2007.07.25"]
[Round "6"]
[White "Shtyrenkov, Veniamin"]
[Black "Tuma, Jiri"]
[Result "1-0"]
[WhiteElo "2435"]
[BlackElo "2292"]
[PlyCount "117"]
[EventDate "2007.07.20"]

1. c4 e6 2. d4 d5 3. Nf3 c6 4. Nbd2 Nf6 5. g3 Nbd7 6. Bg2 Bd6 7. O-O O-O 8. Qc2
e5 9. cxd5 cxd5 10. dxe5 Nxe5 11. Nxe5 Bxe5 12. Nf3 Bd6 13. Be3 Bg4 14. Bd4 Re8
15. e3 Ne4 16. Nd2 Bf5 17. Nxe4 dxe4 18. Rfd1 Qe7 19. Qb3 Bg4 20. Rdc1 a6 21.
h3 Be2 22. Qc3 Qg5 23. Qb3 Qb5 24. Qxb5 axb5 25. a3 f5 26. Bf1 Bxf1 27. Kxf1
Rec8 28. Rxc8+ Rxc8 29. Rd1 Be7 30. Be5 Rd8 31. Rc1 Rd7 32. Ke2 Kf7 33. Rc8 Bf8
34. Bd4 Bd6 35. Bc3 Ke6 36. Ra8 Kd5 37. Kd2 Be5 38. Bxe5 Kxe5+ 39. Kc2 Rc7+ 40.
Kb3 Kd6 41. Ra5 Rc5 42. Kb4 Kc6 43. Ra8 Kb6 44. Rf8 Rd5 45. b3 Ka6 46. Rf7 g6
47. g4 b6 48. gxf5 gxf5 49. Kc3 Rd3+ 50. Kc2 Rd5 51. Rxh7 b4 52. axb4 Kb5 53.
Rb7 Rd8 54. Rf7 Rh8 55. Rxf5+ Kxb4 56. Rf4 Re8 57. f3 Ka3 58. Rxe4 Rc8+ 59. Rc4
1-0

[Event "PARDUBICE OPEN  2007 "]
[Site "CEZ arena,  Pardubice  (CZE)"]
[Date "2007.07.25"]
[Round "6"]
[White "Grabinsky, Vladimir"]
[Black "Morawietz, Dieter"]
[Result "0-1"]
[WhiteElo "2288"]
[BlackElo "2425"]
[PlyCount "74"]
[EventDate "2007.07.20"]

1. d4 Nf6 2. c4 e6 3. Nc3 Bb4 4. e3 b6 5. Nge2 Ba6 6. a3 Be7 7. Nf4 d5 8. Qa4+
c6 9. b4 Bxc4 10. Bxc4 dxc4 11. b5 O-O 12. bxc6 Qd6 13. Qxc4 Nxc6 14. O-O Rac8
15. Nfe2 e5 16. Nb5 Qb8 17. Qa4 Na5 18. Rb1 a6 19. Nbc3 Rc4 20. Qd1 Qc7 21.
dxe5 Rd8 22. Qe1 Qxe5 23. Rxb6 Ng4 24. f4 Qc5 25. Rxa6 Nb3 26. Qg3 Rxc3 27.
Nxc3 Qxc3 28. Qxg4 Nxc1 29. Qf3 g6 30. f5 g5 31. f6 Bf8 32. h4 Qc4 33. Ra5 Ne2+
34. Kf2 Rd2 35. Rxg5+ Kh8 36. Qa8 Qxh4+ 37. Kf3 Ng1+ 0-1